000 00453nam a22001697a 4500
999 _c167623
_d167623
005 20190914121216.0
010 _aB-166848
020 _a817094631X
_c190.00
035 _aB-166848
082 _a303.34
100 _aLala R.M.
245 _aIn Search of Ethical Leadership
_cR.M.Lala
260 _aNew Delhi
_bVision Books Pvt. Ltd.
_c2006
270 _a24 Feroze Gandhi Road Lajpat Nagar III
300 _a200p
_c21cm
942 _2ddc
_cEN
_k303.34
_mLAL